|
|
|
|
| LEADER |
02031nam a2200541 a 4500 |
| 001 |
nkc20102033645 |
| 003 |
CZ PrNK |
| 005 |
20110805074726.0 |
| 007 |
ta |
| 008 |
100212s2010 xr a e f 001 0 cze |
| 015 |
|
|
|a cnb002033645
|
| 020 |
|
|
|a 978-80-251-2464-2
|q (váz.)
|
| 035 |
|
|
|a (OCoLC)614282778
|
| 040 |
|
|
|a BOA001
|b cze
|d ABA001
|
| 072 |
|
7 |
|a 004.9
|x Speciální počítačové metody. Počítačová grafika
|2 Konspekt
|9 23
|
| 080 |
|
|
|a 004.423DSMAX
|2 MRF
|
| 080 |
|
|
|a 004.92-023.5
|2 MRF
|
| 080 |
|
|
|a 004.94
|2 MRF
|
| 080 |
|
|
|a 004.928
|2 MRF
|
| 080 |
|
|
|a (035)
|2 MRF
|
| 100 |
1 |
|
|a Kříž, Jan,
|d 1977-
|7 mzk2004257453
|4 aut
|
| 245 |
1 |
0 |
|a Mistrovství v 3ds Max :
|b [kompletní průvodce profesionálního grafika] /
|c Jan Kříž
|
| 246 |
1 |
|
|i Obálkový název:
|a Mistrovství v Autodesk 3ds Max
|
| 246 |
3 |
0 |
|a 3ds Max
|
| 246 |
1 |
8 |
|a Autodesk 3ds Max
|
| 250 |
|
|
|a Vyd. 1.
|
| 260 |
|
|
|a Brno :
|b Computer Press,
|c 2010
|
| 300 |
|
|
|a 1151 s. :
|b il. ;
|c 23 cm +
|e 1 CD-ROM
|
| 490 |
1 |
|
|a Mistrovství v
|
| 500 |
|
|
|a Obsahuje rejstřík
|
| 650 |
0 |
7 |
|a 3D Studio MAX (software)
|7 ph117295
|2 czenas
|
| 650 |
0 |
7 |
|a trojrozměrná grafika
|7 ph126750
|2 czenas
|
| 650 |
0 |
7 |
|a počítačové modelování
|7 ph124513
|2 czenas
|
| 650 |
0 |
7 |
|a počítačová animace
|7 ph124501
|2 czenas
|
| 650 |
0 |
9 |
|a 3D Studio MAX
|2 eczenas
|
| 650 |
0 |
9 |
|a three-dimensional graphics
|2 eczenas
|
| 650 |
0 |
9 |
|a computer modeling
|2 eczenas
|
| 650 |
0 |
9 |
|a computer animation
|2 eczenas
|
| 655 |
|
7 |
|a příručky
|7 fd133209
|2 czenas
|
| 655 |
|
9 |
|a handbooks and manuals
|2 eczenas
|
| 830 |
|
0 |
|a Mistrovství
|0 s
|
| 910 |
2 |
|
|a BOA001
|b 2-1239.523
|
| 990 |
|
|
|a BK
|
| 995 |
|
|
|a 01
|
| 991 |
|
|
|b 201003
|c NOV
|j 004.9 KŘÍ
|
| 996 |
7 |
|
|b 2610423692
|c 2-1239.523
|l MZK
|r Sklad / do 1 hodiny
|n 0
|p p.v.
|w 001113414
|u 000010
|a 1
|e BOA001
|j MZK50
|s A
|
| 996 |
7 |
|
|b 2610423693
|c 2-1239.523
|l MZK
|r Sklad / do 1 hodiny
|n 34
|p p.v.
|w 001113414
|u 000020
|a 1
|e BOA001
|j MZK50
|s A
|
| 996 |
6 |
|
|b 2610466310
|c 2-1239.523
|l MZK
|r Sklad / do 1 hodiny
|n 21
|p p.v.
|w 001113414
|u 000030
|a 1
|e BOA001
|j MZK50
|s P
|